Online
Catalog

Descubre a tus angeles / (Record no. 24262)

MARC details
000 -CABECERA
campo de control de longitud fija 01026nam a2200301 a 4500
001 - NÚMERO DE CONTROL
campo de control 000024769
005 - FECHA Y HORA DE LA ÚLTIMA TRANSACCIÓN
campo de control 20260202095302.0
008 - DATOS DE LONGITUD FIJA--INFORMACIÓN GENERAL
campo de control de longitud fija 110203s1993 ag a r 000 | spa d
020 ## - NÚMERO INTERNACIONAL ESTÁNDAR DEL LIBRO
Número Internacional Estándar del Libro 9501513459
040 ## - FUENTE DE LA CATALOGACIÓN
Centro catalogador/agencia de origen DO-SdBNP
Lengua de catalogación spa
Centro/agencia transcriptor BNPHU
041 17 - CÓDIGO DE LENGUA
Código de lengua del texto/banda sonora o título independiente eng
Código de lengua original spa
Fuente del código Código de idioma MARC
082 ## - NÚMERO DE LA CLASIFICACIÓN DECIMAL DEWEY
Número de clasificación 291.215
Número de documento/Ítem D184d
049 ## - FONDOS LOCALES (OCLC)
Fondos de biblioteca BNGR
100 1# - ENTRADA PRINCIPAL--NOMBRE DE PERSONA
Nombre de persona Daniel, Alma
9 (RLIN) 50835
240 10 - TÍTULO UNIFORME
Título uniforme Ask your angels.
Lenguaje de la obra Español
245 10 - MENCIÓN DE TÍTULO
Título Descubre a tus angeles /
Mención de responsabilidad, etc. Alma Daniel, Timothy Wyllie y Andrew Ramer; traducción Edith Zilli; edición Ballantine Books.
260 ## - PUBLICACIÓN, DISTRIBUCIÓN, ETC.
Lugar de publicación, distribución, etc. Buenos Aires, (Agentina) :
Nombre del editor, distribuidor, etc. Javier Vergara Editor,
Fecha de publicación, distribución, etc. 1993..
300 ## - DESCRIPCIÓN FÍSICA
Extensión 378 p. :
Otras características físicas il. ;
Dimensiones 22 cm.
534 ## - NOTA SOBRE LA VERSIÓN ORIGINAL
Encabezamiento principal del original Título original :
Mención de título del original Ask your angels.
504 ## - NOTA DE BIBLIOGRAFÍA, ETC.
Nota de bibliografía, etc. Incluye referencias bibliográficas : p. 377-401
500 ## - NOTA GENERAL
Nota general Incluye notas
650 #4 - PUNTO DE ACCESO ADICIONAL DE MATERIA--TÉRMINO DE MATERIA
Término de materia o nombre geográfico como elemento de entrada Angeles
9 (RLIN) 50836
650 #4 - PUNTO DE ACCESO ADICIONAL DE MATERIA--TÉRMINO DE MATERIA
Término de materia o nombre geográfico como elemento de entrada Angeles
Subdivisión general Cultos
9 (RLIN) 50837
650 #0 - PUNTO DE ACCESO ADICIONAL DE MATERIA--TÉRMINO DE MATERIA
Término de materia o nombre geográfico como elemento de entrada Espiritualidad
9 (RLIN) 613
700 1# - PUNTO DE ACCESO ADICIONAL--NOMBRE DE PERSONA
Nombre de persona Wyllie, Timothy
9 (RLIN) 50838
700 1# - PUNTO DE ACCESO ADICIONAL--NOMBRE DE PERSONA
Nombre de persona Ramer, Andrew
9 (RLIN) 50839
700 1# - PUNTO DE ACCESO ADICIONAL--NOMBRE DE PERSONA
Nombre de persona Zilli, Edith
Término indicativo de función/relación tr.
9 (RLIN) 3228
Holdings
Estado de retiro Estado de pérdida Restricciones de uso No para préstamo Código de colección Localización permanente Ubicación/localización actual Ubicación en estantería Fecha de adquisición Número de inventario Total de préstamos Signatura topográfica completa Código de barras Fecha visto por última vez Precio válido a partir de Tipo de ítem Koha
        Monografías: Libros y Folletos General General En catalogación 03.02.2011 LF1   291.215 D184d 24769-10 25.06.2020 25.06.2020 Préstamo en sala

Powered by Koha